How to complete and survive a doctoral dissertation

Αποθηκεύτηκε σε:
Λεπτομέρειες βιβλιογραφικής εγγραφής
Κύριος συγγραφέας: Sternberg, David Joel
Μορφή: Βιβλίο
Γλώσσα:English
Δημοσίευση: New York : St. Martin's Press, 1981
Θέματα:
Ετικέτες: Προσθήκη ετικέτας
Δεν υπάρχουν, Καταχωρήστε ετικέτα πρώτοι!

MARC

LEADER 00000nam a2200000 i 4500
001 1/14682
008 980512s1981 eng d
020 |a 0-312-39606-6 
035 |l 10019517 
040 |a GR-MY-UA  |b gre  |e aacr 
041 0 |a eng 
082 0 |a 001.4 
100 1 |a Sternberg, David Joel. 
245 1 0 |a How to complete and survive a doctoral dissertation /  |c by David Sternberg 
260 |a New York :   |b St. Martin's Press,   |c 1981 
300 |a 231 p. 
650 0 0 |a Doctor of philosophy degree. 
650 0 0 |a Report writing. 
650 0 0 |a Dissertations, Academic. 
852 |a INST  |b LESVOS  |e 19980512  |h 001.4 STE  |p 005100014253  |q 005100014253  |t BK  |y 0 
901 |a BIBL-1998-2 
909 |a Λ  |b 056077 
922 |a 1ΕΛΗ  |b 199804  |c ΚΠΣ/ΤΚ  |d ΠΑΠΑΣΩΤΗΡΙΟΥ 
950 |a 103-1998-02-24